000
00330nam a2200145Ia 4500
005
20250320151513.0
008
240331s9999 xx 000 0 und d
082
_b
NIK
_a
894
245
0
_a
Nikal
260
_a
Kovai
_b
Uravu acahagam
_c
1991
300
_a
105 p .,
650
_a
Poems
700
_a
Palanisamy, K.
_e
edt
942
_c
L
999
_c
4087
_d
4087